The foundations of theoretical cartography in Archaic and Classical Greece
| Published in: | The history of cartography, J.B. Harley and David Woodward, Chicago [etc.], P. 130-147 |
|---|---|
| Main Author: | |
| Content type: | Article |
| Published: |
1987
|
| Source: | MPIPL_cat |
MARC
| LEADER | 00000naa a2200000 u 4500 | ||
|---|---|---|---|
| 001 | PL0053661 | ||
| 003 | PLI01000000000000000053342 | ||
| 005 | 00000000000000.0 | ||
| 008 | ||| u | ||
| 110 | |a Germaine Aujac | ||
| 245 | 0 | 4 | |a The foundations of theoretical cartography in Archaic and Classical Greece |c prep. by the eds. from materials supplied by Germaine Aujac |
| 260 | |c 1987 | ||
| 773 | 0 | 8 | |t The history of cartography |a J.B. Harley and David Woodward |d Chicago [etc.] |g P. 130-147 |w MPIPL_cat.PL0053653 |z 0-226-31633-5 |i In: |
| 952 | |h P. 130-147 | ||
| 996 | |a Aufsatz | ||
| 997 | |a book chapter | ||